|
|
|
|
| LEADER |
00744nam a22002297a 4500 |
| 001 |
AAL7776 |
| 003 |
BD-DhAAL |
| 005 |
20160409145404.0 |
| 008 |
160409m19981997enk||||| |||| 00| 0 eng d |
| 020 |
|
|
|a 0552143766
|
| 040 |
|
|
|a BD-DhAAL
|c BD-DhAAL
|
| 082 |
|
|
|a 813/.54
|
| 100 |
|
|
|a Hailey, Arthur
|9 19060
|
| 245 |
|
|
|a Detective /
|c Arthur Hailey
|
| 260 |
|
|
|a London :
|b Corgi Books,
|c 1998.
|
| 300 |
|
|
|a 570 p. ;
|c 18 cm.
|
| 541 |
|
|
|e 7776
|
| 650 |
|
|
|a Death row
|v Fiction.
|9 19061
|
| 852 |
|
|
|a Savar Campus Library
|c General Shelf
|
| 942 |
|
|
|2 ddc
|c BK
|
| 999 |
|
|
|c 37412
|d 37412
|
| 952 |
|
|
|0 0
|1 0
|2 ddc
|4 0
|6 813_000000000000000__54_HAI
|7 0
|9 58747
|a SCL
|b SCL
|c GEN
|d 2016-04-09
|e Gift:
|l 5
|m 14
|o 813.54 HAI
|p 3020007776
|r 2017-11-29
|s 2017-09-27
|t 1
|w 2016-04-09
|y BK
|